000 01222nam a22003737a 4500
001 BR8004439
003 BR-BrBNA
005 20230928090654.0
007 ta
008 230509b bl.||||| |||| 00| 0 por d
040 _aBR-BrBNA
_bpor
_cBiblioteca Nacional de Agricultura
041 _a(Por)
072 _aF00; F30
090 _ F00 BR8004439
110 1 _aEmpresa Brasileira de Pesquisa Agropecuaria, Brasilia, DF;
_93834
110 1 _aEmpresa Brasileira de Assistencia Tecnica e Extensao Rural, Brasilia, DF;
_93797
110 1 _aSociedade de Olericultura do Brasil, Brasilia, DF
111 1 _a20. Congresso Brasileiro de Olericultura
_cBrasilia, DF (Brazil)
_d16 Jul 1980
245 1 _aResumos. [olericultura, melhoramento genetico vegetal, pratica cultural]
260 3 _aBrasilia, DF (Brasil):
_c1980.
300 _a229 p.
650 _aOLERICULTURA
650 _aMELHORAMENTO GENETICO VEGETAL
650 _aPRATICA CULTURAL
650 _aADUBACAO
650 _aIRRIGACAO
650 _aDOENCA DE PLANTA
650 _aPRAGA DE PLANTA
650 _aFISIOLOGIA VEGETAL
650 _aERVA DANINHA
650 _aCOMPETICAO DE VARIEDADE
909 _a202309
_bLucia
_c55
_dLucia Elande
942 _cBK
999 _c29949
_d29949